| 000 | 00000nam##2200000za#4500 |
| 001 | 9.597984 |
| 003 | CaOODSP |
| 005 | 20210624204320 |
| 007 | cr ||||||||||| |
| 008 | 150406|1999||||xxc|||||o f|0| 0 fre|d |
| 040 | |aCaOODSP|bfre |
| 043 | |an-cn--- |
| 086 | 1 |aTU3-5/99-17F-PDF |
| 110 | 2 |aBureau de la sécurité des transports du Canada. |
| 245 | 10|aCollision avec le terrain - Mitsubishi MU-2B-40 Solitaire N701K 1 nm à l'ouest de l'aéroport de Parry Sound Baie Georgienne (Ontario) le 24 mai 1999 |h[ressource électronique] |
| 260 | |aGatineau - Québec : |bBureau de la sécurité des transports du Canada |c[2000]. |
| 300 | |a10p. |
| 490 | 1 |aRapport d'enquête aéronautique |vA99O0126 |
| 590 | |a10-10-Supp|b2010-11-09 |
| 775 | 08|tCollision with Terrain - Mitsubishi MU-2B-40 Solitaire N701K, Parry Sound / Georgian Bay Airport, Ontario 1nm W, 24 May 1999 |w(CaOODSP)9.566513 |
| 830 | #0|aRapport d'enquête aéronautique ;|vA99O0126|w(CaOODSP)9.501229 |
| 856 | 40|ahttp://publications.gc.ca|qPDF|s46 Ko|uhttps://publications.gc.ca/collections/collection_2009/bst-tsb/TU3-5-99-17F.pdf|yA99O0126 |